<?xml version="1.0" encoding="UTF-8"?>
<record
    xmlns:xsi="http://www.w3.org/2001/XMLSchema-instance"
    xsi:schemaLocation="http://www.loc.gov/MARC21/slim http://www.loc.gov/standards/marcxml/schema/MARC21slim.xsd"
    xmlns="http://www.loc.gov/MARC21/slim">

  <leader>04371nam a22004097a 4500</leader>
  <controlfield tag="003">DO-SdBNP</controlfield>
  <controlfield tag="005">20240316073906.0</controlfield>
  <controlfield tag="007">ta</controlfield>
  <controlfield tag="008">220831e    2010|||c|||e |o|| 001 e spa d</controlfield>
  <datafield tag="020" ind1=" " ind2=" ">
    <subfield code="a">9780773413306</subfield>
  </datafield>
  <datafield tag="040" ind1=" " ind2=" ">
    <subfield code="a">DO-SdBNP</subfield>
    <subfield code="b">spa</subfield>
    <subfield code="c">BNPHU</subfield>
  </datafield>
  <datafield tag="041" ind1=" " ind2=" ">
    <subfield code="h">spa</subfield>
  </datafield>
  <datafield tag="082" ind1=" " ind2="4">
    <subfield code="2">22</subfield>
    <subfield code="a">863.64  </subfield>
    <subfield code="b">R696f</subfield>
  </datafield>
  <datafield tag="100" ind1="1" ind2=" ">
    <subfield code="a">Rodr&#xED;guez Henr&#xED;quez, Rafael</subfield>
    <subfield code="9">82294</subfield>
  </datafield>
  <datafield tag="245" ind1="1" ind2="0">
    <subfield code="a">Fuentes de la imaginaci&#xF3;n hist&#xF3;rica en la narrativa de Marcio Veloz Maggiolo /</subfield>
    <subfield code="c">Rafael Rodr&#xED;guez Henr&#xED;quez ; pr&#xF3;logo por Malva E. Filer ; traducci&#xF3;n Moore Drew</subfield>
  </datafield>
  <datafield tag="260" ind1=" " ind2=" ">
    <subfield code="a">Lewiston, Nueva York :  </subfield>
    <subfield code="b">Edwin Mellen Press,</subfield>
    <subfield code="c">2010.</subfield>
  </datafield>
  <datafield tag="300" ind1=" " ind2=" ">
    <subfield code="a">185 p. ;  </subfield>
    <subfield code="c">24 cm.</subfield>
  </datafield>
  <datafield tag="500" ind1=" " ind2=" ">
    <subfield code="a">Incluye fuentes citadas y consultada. </subfield>
  </datafield>
  <datafield tag="504" ind1=" " ind2=" ">
    <subfield code="a">Bibliograf&#xED;a : p.169 -174.</subfield>
  </datafield>
  <datafield tag="505" ind1=" " ind2=" ">
    <subfield code="a">I.Introducci&#xF3;n</subfield>
    <subfield code="g">a.  Vida y obra -- b. El autor y la narrativa dominicana contemporanea -- c. Propuesta de la investigaci&#xF3;n -- d. Justificaci&#xF3;n -- e. Memoria e imaginaci&#xF3;n hist&#xF3;rica (segundo cap&#xED;tulo) -- f. Imaginaci&#xF3;n antropol&#xF3;gica y arquel&#xF3;gica( tercer cap&#xED;tulo) -- g. La fenomenolog&#xED;a en la b&#xFA;squeda de una realidad hist&#xF3;rica : Lenguaje y la imagen (cuarto cap&#xED;tulo) --  h. Referencialidad hist&#xF3;rica y veracidad  ( quinto cap&#xED;tulo).</subfield>
  </datafield>
  <datafield tag="505" ind1=" " ind2=" ">
    <subfield code="a">II. Memoria e imaginaci&#xF3;n hit&#xF3;rica en la narrativa de Marcio Veloz Maggiolo.</subfield>
    <subfield code="g">a. Planteamiento -- b. Memoria e imaginaci&#xF3;n y la cr&#xED;tica -- c. Memoria / olvido e imaginaci&#xF3;n en u&#xF1;a y carne -- d. Memoria y mentira ( olvido) en la obra maggioloana -- e. Vinculaci&#xF3;n de la memoria y el  olvido con la creaci&#xF3;n literaria -- f. Influencia filos&#xF3;fica y sicol&#xF3;gica en los procesos de recordar, olvidar e imaginar -- g. Memoria, ideolog&#xED;a e historia -- h. Los restos humanos y la memoria hist&#xF3;rica -- i .M&#xFA;sica y memoria en la narrativa maggioloana -- j. Memoria, historia y digresi&#xF3;n narrativa.</subfield>
  </datafield>
  <datafield tag="505" ind1=" " ind2=" ">
    <subfield code="a">III. La imaginaci&#xF3;n antrop&#xF3;logica y arqueol&#xF3;gica en la concepci&#xF3;n del pasadoa. </subfield>
    <subfield code="g">a. Introducci&#xF3;n -- b. Aproximaci&#xF3;n antrop&#xF3;logica en la narrativa de Veloz Maggiolo; intercalaci&#xF3;n de la arqueol&#xF3;g&#xED;a -- c.  La condici&#xF3;n  del hombre (dominicano) en las obras estudiadas -- d. La identidad dominicana -- e. Los mundos m&#xE1;gico-maravillosos de la narrativa maggioloana -- f. El mito en la concepci&#xF3;n y construcci&#xF3;n de la historia dominicana.</subfield>
  </datafield>
  <datafield tag="505" ind1=" " ind2=" ">
    <subfield code="a">IV. fenomenolog&#xED;a en la b&#xFA;squeda de una realidad hit&#xF3;rica: el lenguaje y la imagen.</subfield>
    <subfield code="g">a. Propuesta del cap&#xED;tulo -- b. Breve panorama hist&#xF3;rico sobre la fenomenolog&#xED;a -- c. Fenomenolog&#xED;a, literatura y lenguaje -- d. Fenomenolog&#xED;a y ficci&#xF3;n -- e. Bases para una concepci&#xF3;n fenomenol&#xF3;gica en la obra de Veloz Maggiolo -- f. El barrio en los d&#xED;as contadosy en materia prima -- g. La mosca soldado: aproximaci&#xF3;n fenomenol&#xF3;gica -- h.  Los fenomenol&#xF3;gicos en la mosca soldado y la metamorf&#xF3;sis de Kafka --  i. Breve reflexi&#xF3;n sobre el objeto fenomenol&#xF3;gico en el hombre del acorde&#xF3;n -- j. El lenguaje figurado y la historia. </subfield>
  </datafield>
  <datafield tag="505" ind1=" " ind2=" ">
    <subfield code="a">V.Referencialidad hist&#xF3;rica, veracidad e imaginaci&#xF3;n.</subfield>
    <subfield code="g">a. Prop&#xF3;sito -- b. Nociones generales ( fundamentales)sobre la intertextualidad -- c. Intertextualidad y literatura;  la narrativa de Veloz Maggiolo -- d. Materia prima como una corpus intertextual -- e. U&#xF1;a y carne : manifestaciones y corrientes literarias como fuente intertextuales -- f. Intertextualidad e historia en Veloz Maggiolo y Borge ( breve reflexi&#xF3;n) -- g. Referencialidad, magia e historia en el hombre del acorde&#xF3;n -- h. Entramado textual de La mosca soldado -- i. Procedencia de algunas fuentes hist&#xF3;ricas.</subfield>
  </datafield>
  <datafield tag="505" ind1=" " ind2=" ">
    <subfield code="a">VI. Conclusiones.</subfield>
    <subfield code="g">a. Generalizaci&#xF3;n sobre la narrativa maggioloana -- b. Memoria e imaginaci&#xF3;n hist&#xF3;rica --c. Sobre la imaginaci&#xF3;n antropol&#xF3;gica y arqueol&#xF3;gica -- d. Acerca de la fenomenolog&#xED;a, el lenguaje y la imagen -- e. Sobre referencialidad y veracidad. </subfield>
  </datafield>
  <datafield tag="505" ind1=" " ind2=" ">
    <subfield code="a">VII. Bibliograf&#xED;a .</subfield>
    <subfield code="g">a. Fuentes citadas -- b. Fuentes consultada. </subfield>
  </datafield>
  <datafield tag="505" ind1=" " ind2=" ">
    <subfield code="a">VIII. &#xED;ndice</subfield>
  </datafield>
  <datafield tag="590" ind1=" " ind2=" ">
    <subfield code="a">Inventariado, 2022 / SA</subfield>
  </datafield>
  <datafield tag="600" ind1="1" ind2="0">
    <subfield code="a">Veloz Maggiolo, Marcio,</subfield>
    <subfield code="d">1936-2021</subfield>
    <subfield code="x">Cr&#xED;tica e interpretaci&#xF3;n.</subfield>
    <subfield code="9">1104</subfield>
  </datafield>
  <datafield tag="650" ind1=" " ind2="4">
    <subfield code="9">27201</subfield>
    <subfield code="a">Literatura dominicana</subfield>
  </datafield>
  <datafield tag="650" ind1=" " ind2="4">
    <subfield code="9">9734</subfield>
    <subfield code="a">Cr&#xED;tica literaria</subfield>
  </datafield>
  <datafield tag="650" ind1=" " ind2="4">
    <subfield code="a">Narrativa dominicana</subfield>
    <subfield code="9">82296</subfield>
    <subfield code="v">Contempor&#xE1;nea</subfield>
  </datafield>
  <datafield tag="650" ind1=" " ind2="4">
    <subfield code="a">Literatura e Historia </subfield>
    <subfield code="9">27201</subfield>
  </datafield>
  <datafield tag="700" ind1=" " ind2="1">
    <subfield code="a">Filer,  Malva E., </subfield>
    <subfield code="e">pr&#xF3;l.</subfield>
    <subfield code="9">82297</subfield>
  </datafield>
  <datafield tag="700" ind1=" " ind2="1">
    <subfield code="a">Moore, Drew,</subfield>
    <subfield code="e">trad.</subfield>
    <subfield code="9">82300</subfield>
  </datafield>
  <datafield tag="942" ind1=" " ind2=" ">
    <subfield code="2">ddc</subfield>
    <subfield code="c">LBS1</subfield>
  </datafield>
  <datafield tag="952" ind1=" " ind2=" ">
    <subfield code="0">0</subfield>
    <subfield code="1">0</subfield>
    <subfield code="2">ddc</subfield>
    <subfield code="5">1</subfield>
    <subfield code="7">0</subfield>
    <subfield code="8">PD</subfield>
    <subfield code="a">BNPHU</subfield>
    <subfield code="b">BNPHU</subfield>
    <subfield code="c">CT</subfield>
    <subfield code="d">2018-12-06</subfield>
    <subfield code="e">Donado</subfield>
    <subfield code="l">0</subfield>
    <subfield code="o">BNPHU PD 863.64  R696f</subfield>
    <subfield code="p">2022-3856</subfield>
    <subfield code="r">2022-08-31</subfield>
    <subfield code="w">2022-08-31</subfield>
    <subfield code="y">LBS1</subfield>
  </datafield>
  <datafield tag="999" ind1=" " ind2=" ">
    <subfield code="c">52346</subfield>
    <subfield code="d">52346</subfield>
  </datafield>
</record>
